01144 a2200169 45000010006000000050017000060080041000230030015000640400040000790800109001192450044002282640036002723000019003085050519003271000064008467000064009105909120260407155845.0260407a1984 arg spa dAR-UNSa-BCEJYS aAR-UNSa-BCEJYSbspacAR-UNSa-BCEJYS a339.9xEconomía internacional en general. Relaciones económicas internacionales. Economía mundial 10aLa consultora en los paises de la ALADI 1aBuenos Aires :bBID-INTALc1984 a247 p.c22 cm. aPrimera parte: Análisis regional: 1. La regulación de la consultoría en los países de la ALADI – 2. Dimensiones del mercado de consultoría – 3. Encuesta a las firmas consultoras que operan en América del Sur y México (ALADI) – 4. Aspectos de la demanda de servicios de consultoría – Segunda parte: Análisis por país: 5. Argentina – 6. Bolivia – 7. Brasil – 8. Colombia – 9. Chile – 10. Ecuador – 11. México – 12. Paraguay – 13. Perú – 14. Uruguay – 15. Venezuela1 aInstituto para la Integración de América Latina (INTAL)1 aFederación Latinoamericana de Asociaciones de Consultores